000 00290nam a22001217a 4500
040 _cN/A
082 _a621.3
_bS5241 A
100 _aSharma, D.K.
_9131411
245 _aAdmiralty Solved Examples in Electrical Calculations
260 _aN/A
_bN/A
_cN/A
300 _a564p.
942 _2ddc
_cBK
999 _c615216
_d615216